Normal view
MARC view
- Lam,Dennis/Thien cheong /Sing ping chiew
Entry Personal Name
001 - CONTROL NUMBER
- control field: 4141
003 - CONTROL NUMBER IDENTIFIER
- control field: JO-AjAnu
005 - DATE AND TIME OF LATEST TRANSACTION
- control field: 20230606070958.0
008 - FIXED-LENGTH DATA ELEMENTS
- fixed length control field: 230606|| aca||aabn | a|a d
040 ## - CATALOGING SOURCE
- Original cataloging agency: JO-AjAnu
- Transcribing agency: JO-AjAnu
100 ## - HEADING--PERSONAL NAME
- Personal name: Lam,Dennis/Thien cheong /Sing ping chiew
670 ## - SOURCE DATA FOUND
- Source citation: Work cat.: (JO-AjAnu)2153: Lam,Dennis/Thien cheong /Sing ping chiew, author, Structural Steelwork:Design to limit state theory